skbl

Dr Suryya Kumar Bhuyan Library Web-OPAC
ডঃ সূৰ্য্য
কুমাৰ ভূঞা পুথিভঁৰাল ৱেব-অ'পেক

All Research Scholars are advised to clear the annual library fees to continue using Library Resources, Remote Access, Plagiarism Test and Library Clearance.

Cotton University Book Fair 2026

Asamiya Prayog Ratnamala Byakaran / (Record no. 9716)

MARC details
000 -LEADER
fixed length control field 00838nam a2200325Ia 4500
001 - CONTROL NUMBER
control field 9729
005 - DATE AND TIME OF LATEST TRANSACTION
control field 20240113234225.0
007 - PHYSICAL DESCRIPTION FIXED FIELD--GENERAL INFORMATION
fixed length control field ta
008 - FIXED-LENGTH DATA ELEMENTS--GENERAL INFORMATION
fixed length control field 050728s1997 a g b000 u asm u
040 ## - CATALOGING SOURCE
Original cataloging agency Cotton College,Assam
041 ## - LANGUAGE CODE
Language code of text/sound track or separate title asm
082 ## - DEWEY DECIMAL CLASSIFICATION NUMBER
Classification number 491.41
Item number Bh 469
100 ## - MAIN ENTRY--PERSONAL NAME
Personal name Bhattacharya, J.N. .
245 #0 - TITLE STATEMENT
Title Asamiya Prayog Ratnamala Byakaran /
Statement of responsibility, etc. J.N. Bhattacharya.
Medium Textual Documents
250 ## - EDITION STATEMENT
Edition statement 2nd ed. /
260 ## - PUBLICATION, DISTRIBUTION, ETC.
Place of publication, distribution, etc. Guwahati :
Name of publisher, distributor, etc. M/s Hemkosh Prakashan ,
Date of publication, distribution, etc. 1997.
300 ## - PHYSICAL DESCRIPTION
Extent 573p. :
Other physical details ill. ;
Dimensions 22cm. .
653 ## - INDEX TERM--UNCONTROLLED
Uncontrolled term Assamese Language-Grammar
653 ## - INDEX TERM--UNCONTROLLED
Uncontrolled term MS-Assamese
653 ## - INDEX TERM--UNCONTROLLED
Uncontrolled term T/G-Languages
942 ## - ADDED ENTRY ELEMENTS (KOHA)
Source of classification or shelving scheme Dewey Decimal Classification
Koha item type Books
Holdings
Withdrawn status Lost status Damaged status Not for loan Collection Home library Current library Date acquired Coded location qualifier Total checkouts Full call number Barcode Date last seen Copy number Price effective from Koha item type Date due Date last checked out
          Dr. Suryya Kumar Bhuyan Library Dr. Suryya Kumar Bhuyan Library 01/02/2012 00000   491.41 Bh 469 4912/As 13/01/2024 1 01/02/2012 Books    
          Dr. Suryya Kumar Bhuyan Library Dr. Suryya Kumar Bhuyan Library 01/02/2012 00000   491.41 Bh 469 266/San 13/01/2024 4 01/02/2012 Books    
          Dr. Suryya Kumar Bhuyan Library Dr. Suryya Kumar Bhuyan Library 01/02/2012 00000   491.41 Bh 469 2666/As 13/01/2024 6 01/02/2012 Books    
          Dr. Suryya Kumar Bhuyan Library Dr. Suryya Kumar Bhuyan Library 01/02/2012 00000 1 491.41 Bh 469 2667/As 13/10/2025 3 01/02/2012 Books 04/11/2025 13/10/2025
          Dr. Suryya Kumar Bhuyan Library Dr. Suryya Kumar Bhuyan Library 01/02/2012 00000   491.41 Bh 469 2668/As 13/01/2024 2 01/02/2012 Books    
          Dr. Suryya Kumar Bhuyan Library Dr. Suryya Kumar Bhuyan Library 01/02/2012 00000   491.41 Bh 469 268/San 13/01/2024 7 01/02/2012 Books    
          Dr. Suryya Kumar Bhuyan Library Dr. Suryya Kumar Bhuyan Library 01/02/2012 00000   491.41 Bh 469 3982/As 13/01/2024 5 01/02/2012 Books    

Designed and Maintained by Team SKBL
©1901-2026

Powered by Koha